000 01144cab a22002055a 4500
001 L138463
008 070608e20070601xxkb f 000 0 eng d
035 _a(Sirsi) u138463
041 0 _aeng
100 1 _aRead, Peter
245 0 0 _aLand
_bget it registered
260 _c2007
490 _aFarmers Weekly
_v146(22) 1 June 2007, 28-29(2)
520 _aSuggests that land owners should voluntarily register their land now in order to prevent problems if mandatory registration comes into force. Since 1990 a change of legal title triggers compulsory registration. The Land Registry now wants a change of trusteeship to do the same. Registration can help protect against court cases, squatters acquiring land by stealth. It also helps when selling. The Land Registry are offering incentives to register now. Electronic conveyancing will go live in 2012. However some argue that voluntary registration is usually unnecessary. Presents case studies.
590 _aKA
650 2 4 _aLAND REGISTRATION ACT 2002
651 4 _aUnited Kingdom
_y
690 _aPROPERTY-RURAL AND NATURAL ASSETS-AGRICULTURAL PROPERTY-AGRICULTURAL LAND
942 _n0
999 _c78875
_d78875